Transformaciones de los Conceptos Claves en Distintas ℓreas del Conocimiento Jurd̕ico-Social

Detalles Bibliográficos
Autor principal: Montalvo Romero, Mara̕ Teresa
Otros Autores: Fernǹdez Abad, Carlos
Formato: eBook
Lenguaje:español
Publicado: Madrid: Dykinson, 2020
Materias:
Acceso en línea:Acceso restringido

MARC

LEADER 00000nam a22000007a 4500
005 2021020301291.0
007 cr|||| ||||
008 210203s2020 es |||||s|||| 00||0 spa d
020 |a 978-84-1377-253-0 
035 |a 32963 
040 |a vLex 
090 |c 11083  |d 11083 
100 1 |a Montalvo Romero, Mara̕ Teresa 
245 1 0 |a Transformaciones de los Conceptos Claves en Distintas ℓreas del Conocimiento Jurd̕ico-Social  |h [Recurso electrn̤ico] /  |c Mara̕ Teresa Montalvo Romero, Carlos Fernǹdez Abad 
256 |a Servicio en ln̕ea 
260 |a Madrid:  |b Dykinson,  |c 2020 
300 |a 1 recurso electrn̤ico 
500 |a La globalidad de fenm̤enos tales como el terrorismo, la migracin̤, el refugio, la violencia de gňero, la precarizacin̤ laboral, los delitos medioambientales (por citar algunos de los tratados en esta obra) posee diferentes significados. En primer lugar, empr̕icamente estamos ante sucesos globales porque su m̀bito de desarrollo, las causas que infieren en su produccin̤, las consecuencias que se derivan de los mismos, no son exclusivas de un Estado, ni siquiera de una regin̤ mundial. Es ms̀, su definicin̤ actual sl̤o se comprende si se parte de esta caracters̕tica esencial de universalidad. Esta configuracin̤, en segundo lugar, ha impuesto un tratamiento jurd̕ico y polt̕ico con aspiraciones globales: la comunidad internacional ha puesto en marcha diversas estrategias coordinadas por la va̕ convencional (acuerdos, tratados, convenios) y a travš de mecanismos supraestatales de diverso calado, bajo la comprensin̤ de que cualquier estrategia aislada est ̀condenada al fracaso. Por l︢timo, y este es el aspecto destacado en esta obra, la globalidad de los fenm̤enos descritos ha requerido una transformacin̤ en el mťodo de investigacin̤ jurd̕ico y social, as ̕como un enorme esfuerzo en la creacin̤ de conceptos capaces de responder a una nueva realidad. A esta necesidad de teorizacin̤ se dirige esta obra colectiva, construida de la colaboracin̤ entre centros de investigacin̤ en la Universidad Rey Juan Carlos, de Espaą, y la Universidad Veracruzana, de Mx̌ico, con la participacin̤ de profesores de distintas nacionalidades en lengua hispana. 
506 1 |a Disponible solo en los productos indicados  |d vLex Global  |d vLex Global (Academic Edition, excluding Law Schools)  |d vLex Global (U.S. Academic Edition, Law Schools)  |d vLex Global (U.S. Academic Edition, excluding Law Schools)  |d vLex Global (Academic Edition, Law Schools) 
650 0 4 |a Derecho Pb︢lico y Administrativo  |z Espaą 
700 1 |a Fernǹdez Abad, Carlos 
740 0 |a vLex Libros (Servicio en ln̕ea) 
856 4 0 |u http://vlex.com/source/transformaciones-de-los-conceptos-claves-en-distintas-areas-del-conocimiento-juridico-social-32963  |z Acceso restringido 
942 |c BOOK 
999 0 |a Public and Administrative Law